Roblox Rise of Nations Releasables - Statistics

General Stats
  • This quiz has been taken 22 times
    3 since last reset
  • The average score is 11 of 303
Answer Stats
Picture Answer % Correct
Aland
100%
Alaska
100%
Abkhazia
50%
Alberta
50%
Alsace
50%
Assyria
50%
Aztlan
50%
Baden-Wurttemberg
50%
Bali
50%
Basque
50%
Bavaria
50%
Bougainville
50%
Confederate States of America
50%
Deseret
50%
Far Eastern Republic
50%
Hawaii
50%
New England
50%
Northern Cyprus
50%
Siberia
50%
Acadia
0%
Aceh
0%
Afar
0%
Agadez
0%
Ainu-Mosir
0%
Al-Ahwaz
0%
Amazonia
0%
Ambazonia
0%
Andalusia
0%
Andaman and Nicobar Islands
0%
Anhui
0%
Anjouan
0%
Antioquia
0%
Aragon
0%
Arakan
0%
Arunachal Pradesh
0%
Assam
0%
Astrakhan
0%
Asturias
0%
Avaria
0%
Azawad
0%
Azores
0%
Baja California
0%
Balawaristan
0%
Balearic Islands
0%
Balkaria
0%
Balochistan
0%
Bangabhumi
0%
Bangsamoro
0%
Banten
0%
Barbuda
0%
Barotseland
0%
Bas-Congo
0%
Bashkortostan
0%
Batakland
0%
Beja
0%
Bengkulu
0%
Biafra
0%
Bornholm
0%
Brittany
0%
Buryatia
0%
Cabinda
0%
California
0%
Canary Islands
0%
Cape Republic
0%
Carpathian Rus
0%
Casamance
0%
Cascadia
0%
Catalonia
0%
Central Java
0%
Chechnya
0%
Chhattisgarh
0%
Chiapas
0%
Chihuahua
0%
Choco
0%
Chubu
0%
Chugoku
0%
Chuuk
0%
Chuvashia
0%
Circassia
0%
Coahuila
0%
Cornwall
0%
Crimea
0%
Cyrenaica
0%
Darfur
0%
Degar
0%
Don
0%
Donetsk
0%
Dravida Nadu
0%
East Java
0%
East Sumatra
0%
East Turkestan
0%
Emilia
0%
Erzya
0%
Espirito Santo
0%
Fezzan
0%
Flanders
0%
Flores
0%
Frisia
0%
Friuli
0%
Galicia
0%
Goa
0%
Gorkhaland
0%
Guangdong
0%
Guangxi
0%
Guizhou
0%
Gujarat
0%
Hadhramut
0%
Hai-nam
0%
Hakkaland
0%
Hannover
0%
Harijanistan
0%
Hazarajat
0%
Hejaz
0%
Hesse
0%
Hexi
0%
Hmong
0%
Hok-giong
0%
Hubei
0%
Hui
0%
Hunan
0%
Ingria
0%
Ingushetia
0%
Jalisco
0%
Jambi
0%
Jiangsu
0%
Johor
0%
Kabylia
0%
Kachin
0%
Kalimantan
0%
Kaliningrad
0%
Kalmykia
0%
Kangleipak
0%
Kansai
0%
Karachay
0%
Karakalpakstan
0%
Karelia
0%
Kashmir
0%
Katanga
0%
Kayah
0%
Khalistan
0%
Kharkov
0%
Khyber Pakhtunkhwa
0%
Kivu
0%
Komi
0%
Kongsi
0%
Kuban
0%
Kumykia
0%
Kurdistan
0%
Kyushu
0%
La Gonave
0%
Lampung
0%
Lezgistan
0%
Liguria
0%
Limon
0%
Logone
0%
Lombardy
0%
Lombok
0%
Luhansk
0%
Lunda-Tchokwe
0%
Lusatia
0%
Madeira
0%
Madhya Pradesh
0%
Manchuria
0%
Marathastan
0%
Mari El
0%
Meghalaya
0%
Mendoza
0%
Mercia
0%
Minahasa
0%
Minangkabau
0%
Mindanao
0%
Mizoram
0%
Moksha
0%
Mombasa
0%
Moskitia
0%
Mthwakazi
0%
Mwali
0%
Nagalim
0%
Naples
0%
Nevis
0%
Newfoundland and Labrador
0%
New Munster
0%
Nias
0%
Niger Delta
0%
Nile Republic
0%
Nordeste
0%
Norrland
0%
North Maluku
0%
Northumbria
0%
Nova Scotia
0%
Nuevo Leon
0%
Nyika
0%
Oaxaca
0%
Occitania
0%
Odessa
0%
Odisha
0%
Oduduwa
0%
Ogaden
0%
Oromia
0%
Ossetia
0%
Palembang
0%
Patagonia
0%
Pattani
0%
Piedmont
0%
Pomorje
0%
Provence
0%
Puerto Rico
0%
Qatif
0%
Quebec
0%
Rajputana
0%
Rhineland
0%
Rif
0%
Rio de Janeiro
0%
Rol Naath
0%
Romagna
0%
Romandie
0%
Ryukyu
0%
Saarland
0%
Sabah
0%
Sa'id
0%
Saint Petersburg
0%
San Andres
0%
Santa Cruz
0%
Sao Paulo
0%
Sarawak
0%
Sardinia
0%
Saskatchewan
0%
Savoy
0%
Saxony
0%
Scania
0%
Schleswig-Holstein
0%
Scotland
0%
Shan
0%
Shandong
0%
Shanghai
0%
Shanxi
0%
Shikoku
0%
Sichuan
0%
Sicily
0%
Sikkim
0%
Silesia
0%
Sinaloa
0%
Sindhudesh
0%
Sonora
0%
South Azerbaijan
0%
South Congo
0%
Southern Mongolia
0%
South Maluku
0%
South Peru
0%
South Turkestan
0%
South Yemen
0%
Sul
0%
Sulawesi
0%
Sumba
0%
Sumbawa
0%
Tabasco
0%
Talysh-Mughan
0%
Tamaulipas
0%
Tamil Eelam
0%
Tasmania
0%
Tatarstan
0%
Terek
0%
Texas
0%
Thuringia
0%
Tibet
0%
Tigray
0%
Timor-Barat
0%
Tobago
0%
Tohoku
0%
Toubouland
0%
Transnistria
0%
Transylvania
0%
Trieste
0%
Tripura
0%
Tuscany
0%
Tuva
0%
Udmurtia
0%
Ural Republic
0%
Valdosta
0%
Valencia
0%
Venetia
0%
Veracruz
0%
Vojvodina
0%
Volkstaat
0%
Wales
0%
Wallmapu
0%
Wallonia
0%
West Bengal
0%
Western Sahara
0%
Western Togoland
0%
West Papua
0%
Westralia
0%
Xhosaland
0%
Yakutia
0%
Yap
0%
Yogyakarta
0%
Yucatan
0%
Yugra
0%
Yunnan
0%
Zambesia
0%
Zhejiang
0%
Zhongzhou
0%
Zululand
0%
No matching quizzes found
Score Distribution
Percent of People with Each Score
Percentile by Number Answered
Your Score History
You have not taken this quiz since the last reset